000 00372nam a2200145Ia 4500
008 191206s9999 xx 000 0 und d
020 _a0881623040 :
090 _aTT270.B37
245 0 _aStencilling
260 _aSalem House
260 _b[Living style]
260 _ccc1987
300 _a78 p. : ill. (some col.) ; 22 x 23 cm.
999 _c16959
_d16959